[Event "Muensterland Verbandsliga 1819 playoff"]
[Site "Germany"]
[Date "2019.05.18"]
[Round "1.7"]
[White "Terhart, Juergen"]
[Black "Bueckers, Bernhard"]
[Result "0-1"]
[WhiteElo "1785"]
[BlackElo "1614"]
[PlyCount "90"]
[EventDate "2019.05.18"]
[EventType "team-k.o."]
[EventRounds "2"]
[EventCountry "GER"]
[SourceTitle "CBM 190 Extra"]
[Source "ChessBase"]
[SourceDate "2019.07.15"]
[SourceVersion "1"]
[SourceVersionDate "2019.07.15"]
[SourceQuality "1"]
[WhiteTeam "Raesfeld Erle II"]
[BlackTeam "Metelen"]
[WhiteTeamCountry "GER"]
[BlackTeamCountry "GER"]

1. d4 d5 2. Bf4 Nf6 3. e3 e6 4. Bd3 Bd6 5. Bg3 0-0 6. Nf3 b6 7. Nbd2 Ba6 8. Bxa6 Nxa6 9. c3 c5 10. Ne5 Bxe5 11. Bxe5 Nd7 12. Bg3 Re8 13. f4 f5 14. Nf3 Nab8 15. Bh4 Nf6 16. Ne5 Rf8 17. g4 Qc7 18. g5 Ne4 19. g6 h6 20. Nf7 Nd6 21. Ne5 Nc6 22. Qh5 Nxe5 23. dxe5 Ne4 24. Rg1 d4 25. Bg5 Nxg5 26. fxg5 Qxe5 27. 0-0-0 Qxe3+ 28. Kb1 dxc3 29. Rg3 Qf4 30. Rd7 Qe4+ 31. Rgd3 Qe1+ 32. Kc2 Qf2+ 33. Kxc3 Qe1+ 34. Kb3 c4+ 35. Kxc4 Rac8+ 36. Kb3 Qe5 37. Ka3 Qc5+ 38. b4 Qc1+ 39. Ka4 Qc6+ 40. Kb3 Qc4+ 41. Ka3 Qc1+ 42. Ka4 Qc2+ 43. Kb5 a6+ 44. Kxa6 Qa4+ 45. Kb7 Qc6+ 0-1

[Event "Muensterland Verbandsliga 1819"]
[Site "Germany"]
[Date "2019.05.04"]
[Round "9.7"]
[White "Hofene, Josef"]
[Black "Bueckers, Bernhard"]
[Result "1/2-1/2"]
[WhiteElo "1770"]
[BlackElo "1614"]
[PlyCount "52"]
[EventDate "2018.09.01"]
[EventType "team-tourn"]
[EventRounds "9"]
[EventCountry "GER"]
[SourceTitle "EXT 2020"]
[Source "ChessBase"]
[SourceDate "2019.10.17"]
[SourceVersion "1"]
[SourceVersionDate "2019.10.17"]
[SourceQuality "1"]
[WhiteTeam "Beelen"]
[BlackTeam "Metelen"]
[WhiteTeamCountry "GER"]
[BlackTeamCountry "GER"]

1. e4 c5 2. Nc3 d6 3. g3 Nf6 4. Nge2 Nc6 5. Bg2 g6 6. d3 Bg7 7. 0-0 0-0 8. h3 e6 9. Be3 h6 10. Qd2 Kh7 11. f4 Ng8 12. Rab1 a6 13. e5 Nge7 14. exd6 Qxd6 15. Ne4 Qd8 16. Bxc5 Nd4 17. Nd6 Nxe2+ 18. Qxe2 Qc7 19. Ba3 Rb8 20. Nc4 Rd8 21. Bxe7 Qxe7 22. Kh2 b5 23. Ne5 Bb7 24. Bxb7 Qxb7 25. c3 Rbc8 26. Rbc1 Rc7 1/2-1/2

[Event "Muensterland Verbandsliga 1718"]
[Site "Germany"]
[Date "2018.05.05"]
[Round "9.7"]
[White "Radisic, Sascha"]
[Black "Bueckers, Bernhard"]
[Result "1/2-1/2"]
[WhiteElo "1584"]
[BlackElo "1648"]
[PlyCount "37"]
[EventDate "2017.09.09"]
[EventType "team-tourn"]
[EventRounds "9"]
[EventCountry "GER"]
[SourceTitle "EXT 2019"]
[Source "ChessBase"]
[SourceDate "2018.10.10"]
[SourceVersion "1"]
[SourceVersionDate "2018.10.10"]
[SourceQuality "1"]
[WhiteTeam "Steinfurt"]
[BlackTeam "Metelen"]
[WhiteTeamCountry "GER"]
[BlackTeamCountry "GER"]

1. Nf3 Nf6 2. c4 e6 3. g3 d5 4. e3 Nbd7 5. b3 g6 6. Bb2 Bg7 7. Qc2 0-0 8. Bg2 c6 9. 0-0 Re8 10. d4 b6 11. Nbd2 Bb7 12. a3 c5 13. Rfd1 Rc8 14. Rac1 Ba8 15. Qb1 Qe7 16. a4 Rc7 17. Rc2 Rec8 18. Ne5 dxc4 19. Ndxc4 1/2-1/2

[Event "Muensterland Verbandsklasse 1617"]
[Site "Germany"]
[Date "2017.01.21"]
[Round "5.6"]
[White "Bueckers, Bernhard"]
[Black "Droste, Laurenz"]
[Result "0-1"]
[WhiteElo "1705"]
[BlackElo "1639"]
[PlyCount "52"]
[EventDate "2016.09.24"]
[EventType "team"]
[EventRounds "9"]
[EventCountry "GER"]
[SourceTitle "EXT 2018"]
[Source "ChessBase"]
[SourceDate "2017.10.13"]
[SourceVersion "1"]
[SourceVersionDate "2017.10.13"]
[SourceQuality "1"]
[WhiteTeam "Metelen"]
[BlackTeam "Raesfeld Erle II"]
[WhiteTeamCountry "GER"]
[BlackTeamCountry "GER"]

1. c4 e6 2. Nf3 b6 3. d4 Bb7 4. e3 Bb4+ 5. Nc3 Ne7 6. a3 Bxc3+ 7. bxc3 0-0 8. Bd3 f5 9. 0-0 Ng6 10. Re1 Nh4 11. Be2 d6 12. Nxh4 Qxh4 13. Bf3 Be4 14. Rf1 Rf6 15. Bxe4 fxe4 16. g3 Qh3 17. f3 exf3 18. Rxf3 Qg4 19. Rf1 Rxf1+ 20. Qxf1 Nc6 21. Bd2 Rf8 22. Qd3 Na5 23. Rf1 Nb3 24. Be1 Rxf1+ 25. Kxf1 Qf3+ 26. Kg1 Nc1 0-1

[Event "Muensterland Verbandsklasse-A 1011"]
[Site "Germany"]
[Date "2011.01.29"]
[Round "6.2"]
[White "Bienhuels, Michael"]
[Black "Bueckers, Bernhard"]
[Result "1/2-1/2"]
[WhiteElo "1810"]
[BlackElo "1752"]
[PlyCount "57"]
[EventDate "2010.09.18"]
[EventType "team-tourn"]
[EventRounds "9"]
[EventCountry "GER"]
[SourceTitle "EXT 2012"]
[Source "ChessBase"]
[SourceDate "2011.11.24"]
[SourceVersion "1"]
[SourceVersionDate "2011.11.24"]
[SourceQuality "1"]
[WhiteTeam "Duelmen"]
[BlackTeam "Metelen"]
[WhiteTeamCountry "GER"]
[BlackTeamCountry "GER"]

1. Nf3 Nf6 2. g3 g6 3. Bg2 Bg7 4. d3 d5 5. 0-0 0-0 6. Nbd2 Nbd7 7. e4 dxe4 8. dxe4 e5 9. Qe2 Re8 10. Nc4 Qe7 11. a4 Nc5 12. Nfd2 Nfd7 13. b4 Ne6 14. c3 Rb8 15. Ba3 c5 16. Nb3 b6 17. Rfd1 Rd8 18. Ne3 Bb7 19. f3 Nf6 20. a5 Rxd1+ 21. Rxd1 Rd8 22. Rxd8+ Qxd8 23. a6 Bc6 24. bxc5 bxc5 25. Nxc5 Nc7 26. Qd3 Qxd3 27. Nxd3 Bb5 28. c4 Bxa6 29. Bc5 1/2-1/2

[Event "Muensterland Verbandsklasse-A 1011"]
[Site "Germany"]
[Date "2011.01.08"]
[Round "5.3"]
[White "Rothkegel, Juergen"]
[Black "Bueckers, Bernhard"]
[Result "1-0"]
[WhiteElo "1875"]
[BlackElo "1752"]
[PlyCount "43"]
[EventDate "2010.09.18"]
[EventType "team-tourn"]
[EventRounds "9"]
[EventCountry "GER"]
[SourceTitle "EXT 2012"]
[Source "ChessBase"]
[SourceDate "2011.11.24"]
[SourceVersion "1"]
[SourceVersionDate "2011.11.24"]
[SourceQuality "1"]
[WhiteTeam "Gronau"]
[BlackTeam "Metelen"]
[WhiteTeamCountry "GER"]
[BlackTeamCountry "GER"]

1. e4 c5 2. Nf3 d6 3. d4 cxd4 4. Nxd4 Nf6 5. Nc3 a6 6. Bg5 e6 7. f4 Be7 8. Qf3 Qc7 9. 0-0-0 Nbd7 10. g4 b5 11. Bxf6 Nxf6 12. g5 Nd7 13. Bg2 Bb7 14. Qh5 0-0 15. Rd3 Rfc8 16. Rh3 Nf8 17. a3 Qc4 18. Rd1 b4 19. Bf1 Qc5 20. axb4 Qxb4 21. Nb3 Bxe4 22. Rd4 1-0

[Event "Muensterland Verbandsklasse-A 0809"]
[Site "Germany"]
[Date "2008.09.13"]
[Round "1.3"]
[White "Broemmel, Rudolf"]
[Black "Bueckers, Bernhard"]
[Result "1/2-1/2"]
[WhiteElo "1988"]
[BlackElo "1720"]
[PlyCount "101"]
[EventDate "2008.09.13"]
[EventType "team-tourn"]
[EventRounds "9"]
[EventCountry "GER"]
[SourceTitle "EXT 2010"]
[Source "ChessBase"]
[SourceDate "2010.11.25"]
[SourceVersion "1"]
[SourceVersionDate "2010.11.25"]
[SourceQuality "1"]
[WhiteTeam "Raesfeld Erle"]
[BlackTeam "Metelen"]
[WhiteTeamCountry "GER"]
[BlackTeamCountry "GER"]

1. d4 d5 2. Bg5 Nd7 3. c4 c6 4. cxd5 cxd5 5. Qa4 Qb6 6. Nc3 e6 7. Rc1 a6 8. Rc2 Qb4 9. Nf3 Qxa4 10. Nxa4 Bb4+ 11. Bd2 Bxd2+ 12. Nxd2 Ngf6 13. e3 0-0 14. Bd3 b5 15. Nc5 e5 16. Nxd7 Nxd7 17. Nb3 exd4 18. Nxd4 g6 19. Kd2 Ne5 20. Rhc1 Nc4+ 21. Ke2 Bd7 22. b3 Nb6 23. Kd2 b4 24. Rc7 a5 25. Rb7 Rfb8 26. Rxb8+ Rxb8 27. Rc5 a4 28. Bb5 axb3 29. axb3 Ra8 30. Bxd7 Nxd7 31. Rb5 Ra2+ 32. Nc2 Nf6 33. f3 h5 34. Rxb4 g5 35. h3 Kg7 36. g4 hxg4 37. hxg4 Nd7 38. Kc3 Ne5 39. Rb5 Nxf3 40. Rxd5 f6 41. b4 Ra8 42. b5 Rc8+ 43. Kb3 Ne5 44. Rd4 Rb8 45. Ka4 Ra8+ 46. Kb4 Rb8 47. Re4 Nd3+ 48. Kc3 Ne5 49. Nd4 Kf7 50. Nf5 Ke6 51. Kb4 1/2-1/2

[Event "Muensterland Verbandsklasse-B 0708"]
[Site "Germany"]
[Date "2008.01.26"]
[Round "5.3"]
[White "Bueckers, Bernhard"]
[Black "Beckmann, David"]
[Result "1/2-1/2"]
[WhiteElo "1729"]
[BlackElo "1853"]
[PlyCount "82"]
[EventDate "2007.09.15"]
[EventType "team"]
[EventRounds "9"]
[EventCountry "GER"]
[SourceTitle "EXT 2009"]
[Source "ChessBase"]
[SourceDate "2008.11.26"]
[SourceVersion "1"]
[SourceVersionDate "2008.11.26"]
[SourceQuality "1"]
[WhiteTeam "Metelen"]
[BlackTeam "Borken"]
[WhiteTeamCountry "GER"]
[BlackTeamCountry "GER"]

1. c4 e6 2. Nc3 d5 3. d4 c6 4. Nf3 Nf6 5. Bg5 Nbd7 6. e3 Be7 7. cxd5 exd5 8. Bd3 0-0 9. 0-0 h6 10. Bh4 Nb6 11. Qc2 Be6 12. a3 Ne8 13. Bxe7 Qxe7 14. Na4 Nxa4 15. Qxa4 Nd6 16. Rac1 Rfc8 17. Nd2 Bf5 18. Qc2 Bxd3 19. Qxd3 f5 20. b4 Qd7 21. Rc2 a5 22. Qb3 axb4 23. axb4 b5 24. Ra2 Nc4 25. Nf3 Ra7 26. Rfa1 Rca8 27. g3 Kh7 28. Ne1 Qe7 29. Nd3 h5 30. h4 Kh6 31. Nc5 g6 32. Kg2 Nd6 33. Qc2 Rxa2 34. Rxa2 Rxa2 35. Qxa2 Ne4 36. Qc2 Nxc5 37. Qxc5 Qe4+ 38. Kg1 Qe8 39. Qd6 Qc8 40. Kg2 Qe8 41. Kg1 Qc8 1/2-1/2

[Event "Muensterland Verbandsklasse-B 0708"]
[Site "Germany"]
[Date "2007.09.15"]
[Round "1.4"]
[White "Bueckers, Bernhard"]
[Black "Wessel, Johannes"]
[Result "1/2-1/2"]
[WhiteElo "1729"]
[BlackElo "1892"]
[PlyCount "40"]
[EventDate "2007.09.15"]
[EventType "team"]
[EventRounds "9"]
[EventCountry "GER"]
[SourceTitle "EXT 2009"]
[Source "ChessBase"]
[SourceDate "2008.11.26"]
[SourceVersion "1"]
[SourceVersionDate "2008.11.26"]
[SourceQuality "1"]
[WhiteTeam "Metelen"]
[BlackTeam "Steinfurt"]
[WhiteTeamCountry "GER"]
[BlackTeamCountry "GER"]

1. c4 f5 2. Nf3 Nf6 3. g3 e6 4. Bg2 d5 5. 0-0 Bd6 6. d3 0-0 7. e3 c6 8. cxd5 exd5 9. b3 Nbd7 10. Bb2 Qe8 11. Nc3 Ne5 12. Ne2 Nxf3+ 13. Bxf3 g5 14. Qd2 Be5 15. Rab1 Ng4 16. h3 Bxb2 17. Rxb2 Ne5 18. Bg2 Ng6 19. f4 h6 20. Rbb1 Qe7 1/2-1/2

[Event "Muensterland Verbandsklasse-A 0607"]
[Site "Germany"]
[Date "2007.03.24"]
[Round "7.4"]
[White "Miemietz, Carsten"]
[Black "Bueckers, Bernhard"]
[Result "1/2-1/2"]
[WhiteElo "1796"]
[BlackElo "1757"]
[PlyCount "128"]
[EventDate "2006.09.23"]
[EventType "team"]
[EventRounds "9"]
[EventCountry "GER"]
[SourceTitle "EXT 2008"]
[Source "ChessBase"]
[SourceDate "2007.11.25"]
[SourceVersion "1"]
[SourceVersionDate "2007.11.25"]
[SourceQuality "1"]
[WhiteTeam "Muenster SK IV"]
[BlackTeam "Metelen"]
[WhiteTeamCountry "GER"]
[BlackTeamCountry "GER"]

1. c4 e5 2. Nc3 Nc6 3. Nf3 Nf6 4. g3 g6 5. Bg2 Bg7 6. 0-0 0-0 7. a3 a5 8. Rb1 d6 9. b4 Rb8 10. d3 b6 11. Bg5 h6 12. Bd2 Bb7 13. Qc1 Kh7 14. e4 axb4 15. axb4 Ne7 16. Nh4 Neg8 17. f4 exf4 18. gxf4 Nh5 19. Qe1 Bf6 20. Nf3 Bg7 21. b5 f5 22. exf5 Rxf5 23. Nh4 Bd4+ 24. Kh1 Bxg2+ 25. Nxg2 Qd7 26. Qe4 Bg7 27. Rbe1 Nhf6 28. Qf3 Rh5 29. h4 Rf5 30. Ne4 Nxe4 31. Rxe4 d5 32. Re2 dxc4 33. dxc4 Rff8 34. Rfe1 Rbe8 35. Bc3 Rxe2 36. Rxe2 Qd1+ 37. Be1 Re8 38. Re3 Qxf3 39. Rxf3 Re4 40. Ne3 Bd4 41. Nc2 Bc5 42. Bf2 Rxc4 43. Bxc5 Rxc5 44. Nd4 Nf6 45. Kg2 Ne4 46. Ne6 Rc2+ 47. Kh3 Nd6 48. h5 gxh5 49. f5 Nf7 50. f6 Re2 51. Rg3 Ng5+ 52. Rxg5 hxg5 53. f7 Rf2 54. f8Q Rxf8 55. Nxf8+ Kg8 56. Ne6 Kf7 57. Nxg5+ Ke7 58. Nf3 Kd6 59. Nd4 Kc5 60. Ne6+ Kxb5 61. Nxc7+ Kc6 62. Na6 b5 63. Kh4 Kb6 64. Nb4 Kc5 1/2-1/2

[Event "Muensterland Verbandsklasse-B 0506"]
[Site "Germany"]
[Date "2006.05.06"]
[Round "9.3"]
[White "Bueckers, Bernhard"]
[Black "Richters, Alfred"]
[Result "0-1"]
[WhiteElo "1763"]
[BlackElo "1916"]
[PlyCount "74"]
[EventDate "2005.09.03"]
[EventType "team"]
[EventRounds "9"]
[EventCountry "GER"]
[SourceTitle "EXT 2006"]
[Source "ChessBase"]
[SourceDate "2005.11.24"]
[SourceVersion "1"]
[SourceVersionDate "2005.11.24"]
[SourceQuality "1"]
[WhiteTeam "Metelen"]
[BlackTeam "Suedlohn II"]
[WhiteTeamCountry "GER"]
[BlackTeamCountry "GER"]

1. c4 f5 2. Nc3 Nf6 3. d4 e6 4. Nf3 Be7 5. g3 0-0 6. Bg2 d6 7. 0-0 Qe8 8. Ng5 e5 9. dxe5 dxe5 10. Nd5 Bd8 11. Nxf6+ Bxf6 12. Qb3 c6 13. c5+ Kh8 14. Bh3 Qe7 15. Nf3 e4 16. Ne1 Qxc5 17. Bd2 Qd5 18. Qc2 Na6 19. Ng2 Qb5 20. Bc3 Nb4 21. Qb3 Nd5 22. Qxb5 cxb5 23. Bxf6 Rxf6 24. Rfd1 Be6 25. Rac1 g5 26. Ne3 Nxe3 27. fxe3 g4 28. Bf1 Bxa2 29. Rc7 Rf7 30. Rdd7 Rxd7 31. Rxd7 Rb8 32. h3 h5 33. Re7 a6 34. Rd7 Bc4 35. b4 Kg8 36. Kf2 Bf7 37. Re7 Kg7 0-1

[Event "Muensterland Verbandsklasse playoff0304"]
[Site "Germany"]
[Date "2004.07.10"]
[Round "1.4"]
[White "Bueckers, Bernhard"]
[Black "Steens, Rudolf"]
[Result "0-1"]
[WhiteElo "1739"]
[BlackElo "1880"]
[PlyCount "76"]
[EventDate "2003.??.??"]
[EventType "team"]
[EventRounds "1"]
[EventCountry "GER"]
[SourceTitle "EXT 2006"]
[Source "ChessBase"]
[SourceDate "2005.11.24"]
[SourceVersion "1"]
[SourceVersionDate "2005.11.24"]
[SourceQuality "1"]
[WhiteTeam "Metelen"]
[BlackTeam "Nordwalde"]
[WhiteTeamCountry "GER"]
[BlackTeamCountry "GER"]

1. c4 Nf6 2. g3 e6 3. Bg2 d5 4. cxd5 exd5 5. d4 c6 6. Nc3 Bf5 7. Nf3 h6 8. 0-0 Bd6 9. a3 a5 10. Re1 0-0 11. Bd2 Nbd7 12. Rc1 Re8 13. e3 Nb6 14. Nb1 Nc4 15. Bc3 Ne4 16. Nfd2 Nxc3 17. bxc3 Nxa3 18. Qb3 Nxb1 19. Nxb1 b5 20. Nd2 a4 21. Qa2 Qd7 22. Ra1 Bd3 23. Rec1 b4 24. cxb4 Bxb4 25. Bf1 Bf5 26. Bg2 Reb8 27. Nb1 a3 28. Qe2 Bf8 29. Nc3 Rb2 30. Qd1 Bb4 31. Na4 Rb8 32. Nc5 Bxc5 33. dxc5 Qa7 34. Qd4 a2 35. e4 dxe4 36. Bxe4 R2b4 37. Rc4 Rb1+ 38. Kg2 Bxe4+ 0-1

[Event "Muensterland Verbandsklasse-B 0304"]
[Site "Germany"]
[Date "2004.02.14"]
[Round "6.4"]
[White "Schulte, Ralf"]
[Black "Bueckers, Bernhard"]
[Result "0-1"]
[WhiteElo "1767"]
[BlackElo "1739"]
[PlyCount "88"]
[EventDate "2003.09.20"]
[EventType "team"]
[EventRounds "9"]
[EventCountry "GER"]
[SourceTitle "EXT 2005"]
[Source "ChessBase"]
[SourceDate "2004.11.15"]
[SourceVersion "1"]
[SourceVersionDate "2004.11.15"]
[SourceQuality "1"]
[WhiteTeam "Emsdetten Rochade II"]
[BlackTeam "Metelen"]
[WhiteTeamCountry "GER"]
[BlackTeamCountry "GER"]

1. d4 d5 2. Nf3 Nf6 3. c4 e6 4. Nc3 Be7 5. Bg5 Nbd7 6. e3 0-0 7. Rc1 c6 8. Bd3 dxc4 9. Bxc4 Nb6 10. Bd3 h6 11. Bh4 Nbd5 12. Nxd5 exd5 13. 0-0 Re8 14. h3 Ne4 15. Bxe7 Qxe7 16. Rb1 Ng5 17. Nxg5 Qxg5 18. Kh2 f5 19. Qf3 Rf8 20. b4 a6 21. a4 Be6 22. b5 axb5 23. axb5 Ra3 24. Qe2 f4 25. exf4 Qxf4+ 26. Kg1 Bd7 27. bxc6 bxc6 28. Rb7 Bc8 29. Rxg7+ Kxg7 30. Qe7+ Rf7 31. Qxa3 Qxd4 32. Bc2 c5 33. Qg3+ Kf8 34. Qd6+ Kg8 35. Qg3+ Qg7 36. Qd3 Bf5 37. Qb3 c4 38. Qa4 Bxh3 39. g3 Bxf1 40. Kxf1 Qf6 41. Qe8+ Kg7 42. Qe2 d4 43. Qg4+ Kh8 44. Qc8+ Rf8 0-1